[Event "AUTO-MASTER-1225"]
[Site "http://www.queenalice.com/game.php?id=929794"]
[Date "2011.4.24"]
[Round "2"]
[White "jartuga99"]
[Black "devagar"]
[Result "1/2-1/2"]
[WhiteElo "1978"]
[BlackElo "1930"]

1. e4 c5 2. Bc4 e6 3. e5 Nc6 4. f4 Nxe5 5. Bb5 Ng6 6. d3 Nf6 7. Nf3 Qa5+ 8. Nc3
Nd5 9. Bc4 Ndxf4 10. O-O Be7 11. Bd2 Qd8 12. Qc1 Bd6 13. Ne4 Ne2+ 14. Kh1 Nxc1
15. Nxd6+ Kf8 16. Raxc1 Qb6 17. Ng5 f6 18. Nge4 Ke7 19. b3 Ne5 20. Be3 Nxc4 21.
dxc4 Qa5 22. Bxc5 Qxc5 23. Nxc5 Kxd6 24. b4 b6 25. Ne4+ Ke7 26. b5 Bb7 27. Rce1
Bxe4 28. Rxe4 Rac8 29. Rfe1 Rc5 30. Rg4 g6 31. Rh4 h5 32. Rd4 Rhc8 33. Red1 R8c7
34. c3 Rxc4 35. h3 Rxc3 36. a4 Rc1 37. Rxd7+ Rxd7 38. Rxc1 e5 39. Kg1 g5 40. Kf2
Ke6 41. Rc6+ Kf5 42. Ke3 Rd4 43. a5 bxa5 44. Ra6 a4 45. Rxa7 Rb4 46. Ra5 Rb3+
47. Kd2 a3 48. Kc1 a2 49. Kc2 a1=Q 50. Rxa1 Rxb5 51. Rf1+ Ke6 52. Kd3 f5 53. Ra1
f4 54. Ke4 Rb4+ 55. Kf3 e4+ 56. Kf2 Rb5 57. Ra2 g4 58. g3 fxg3+ 59. Kxg3 Rb3+
60. Kf4 Rxh3 61. Kxe4 Rh1 62. Kf4 Rf1+ 63. Kg5 Rf5+ 64. Kh4 Rd5 65. Ra6+ Rd6 66.
Ra5 Rd5 67. Ra6+ Kf5 68. Kxh5 g3 69. Ra2 Re5 70. Kh4 Kf4 71. Ra4+ Kf3 1/2-1/2

[Event "AUTO-MASTER-1225"]
[Site "http://www.queenalice.com/game.php?id=929795"]
[Date "2011.4.24"]
[Round "2"]
[White "devagar"]
[Black "jartuga99"]
[Result "0-1"]
[WhiteElo "1936"]
[BlackElo "1960"]

1. e4 c5 2. Nf3 Nc6 3. d4 cxd4 4. Nxd4 d6 5. Bb5 Bd7 6. O-O a6 7. Bxc6 bxc6 8.
Nc3 Nf6 9. f4 e5 10. Nf5 Bxf5 11. exf5 e4 12. Be3 d5 13. Ne2 Ng4 14. Qd2 c5 15.
h3 Nf6 16. Bf2 d4 17. Bh4 e3 18. Qe1 Be7 19. Bxf6 Bxf6 20. g4 Bh4 21. Qd1 Qd5
22. Nc3 Qc6 23. Ne2 Bf2+ 24. Rxf2 exf2+ 25. Kxf2 Qe4 26. Qd3 Qd5 27. c4 Qc6 28.
Re1 O-O 29. Ng3 Rfe8 30. Rxe8+ Rxe8 31. Nf1 Qe4 32. Qxe4 Rxe4 33. Kf3 Re1 34.
Nd2 Re3+ 35. Kf2 Rxh3 36. Ne4 Rh2+ 37. Kf3 Rxb2 38. Nxc5 Rxa2 39. Ke4 g6 40.
fxg6 fxg6 41. Kxd4 a5 42. Nd3 a4 43. c5 Kf7 44. Kc4 h5 45. Ne5+ Kf6 46. c6 Ke6
47. c7 Rc2+ 48. Kb4 Rxc7 49. Kxa4 h4 50. Nxg6 h3 51. f5+ Kf6 52. Nh4 h2 53. g5+
Kg7 54. f6+ Kg8 0-1

[Event "AUTO-MASTER-1225"]
[Site "http://www.queenalice.com/game.php?id=929796"]
[Date "2011.4.24"]
[Round "2"]
[White "GMNeny"]
[Black "devagar"]
[Result "1-0"]
[WhiteElo "2468"]
[BlackElo "1919"]

1. e4 c5 2. Nf3 Nc6 3. Bb5 g6 4. d4 cxd4 5. O-O Bg7 6. c3 d3 7. Bf4 Nf6 8. Bxd3
O-O 9. Nbd2 d6 10. Qe2 Bg4 11. h3 Bd7 12. Rad1 a6 13. e5 dxe5 14. Nxe5 Nxe5 15.
Bxe5 Qc8 16. Nf3 Bc6 17. Nd4 e6 18. Rd2 Nd5 19. c4 Ne7 20. Bxg7 Kxg7 21. Rfd1
Nf5 22. Nxc6 Qxc6 23. Be4 Qb6 24. Qf3 Rab8 25. Qc3+ f6 26. Bxf5 exf5 27. Rd7+
Rf7 28. R1d6 Qc5 29. Qxf6+ 1-0

[Event "AUTO-MASTER-1225"]
[Site "http://www.queenalice.com/game.php?id=929797"]
[Date "2011.4.24"]
[Round "2"]
[White "devagar"]
[Black "GMNeny"]
[Result "0-1"]
[WhiteElo "1932"]
[BlackElo "2488"]

1. e4 c5 2. Nf3 g6 3. d4 cxd4 4. Nxd4 Bg7 5. Nc3 Nc6 6. Be3 Nf6 7. Nxc6 bxc6 8.
f3 O-O 9. Bc4 Rb8 10. Qc1 d5 11. exd5 cxd5 12. Be2 d4 13. Bd2 dxc3 14. Bxc3 Qb6
15. Qf4 Nd5 16. Qc4 Nxc3 17. bxc3 Be6 0-1

[Event "AUTO-ADV-1805"]
[Site "http://www.queenalice.com/game.php?id=933000"]
[Date "2011.5.2"]
[Round "2"]
[White "devagar"]
[Black "krystek23"]
[Result "0-1"]
[WhiteElo "1862"]
[BlackElo "2205"]

1. e4 c5 2. Nf3 e6 3. d4 cxd4 4. Nxd4 a6 5. Be2 Nc6 6. O-O Qc7 7. c3 Be7 8. Be3
Nf6 9. f3 O-O 10. Nd2 d6 11. N2b3 Bd7 12. Nxc6 bxc6 13. Qe1 a5 14. Rd1 Rab8 15.
Qg3 Nh5 16. Qf2 a4 17. Nc1 Rxb2 18. g4 Nf6 19. h4 e5 20. Rd2 Rxd2 21. Bxd2 Be6
22. Nd3 Bxa2 23. Nb4 Bb3 24. g5 Nd7 0-1

[Event "AUTO-ADV-1805"]
[Site "http://www.queenalice.com/game.php?id=933001"]
[Date "2011.5.2"]
[Round "2"]
[White "krystek23"]
[Black "devagar"]
[Result "1-0"]
[WhiteElo "2207"]
[BlackElo "1860"]

1. c4 c5 2. Nc3 Nc6 3. Nf3 d6 4. g3 Nf6 5. Bg2 g6 6. e3 Bg7 7. O-O O-O 8. h3 a6
9. d4 cxd4 10. exd4 Qc7 11. Be3 e5 12. Rc1 exd4 13. Nxd4 Nxd4 14. Bxd4 Be6 15.
b3 Rab8 16. Re1 Qc8 17. Qf3 Nh5 18. Bxg7 Nxg7 19. Kh2 Nf5 20. Nd5 Bxd5 21. Qxd5
Qc5 22. g4 Nd4 23. Rcd1 Qxd5 24. Bxd5 Nc2 25. Re7 1-0

[Event "AUTO-MASTER-1405"]
[Site "http://www.queenalice.com/game.php?id=936584"]
[Date "2011.5.10"]
[Round "1"]
[White "attachui"]
[Black "devagar"]
[Result "1-0"]
[WhiteElo "2035"]
[BlackElo "1917"]

1. d4 d5 2. c4 e6 3. Nc3 Nf6 4. Bg5 Be7 5. Nf3 O-O 6. e3 Nbd7 7. c5 c6 8. Bd3
Re8 9. O-O Ng4 10. Bxe7 Rxe7 11. Qc2 h6 12. e4 dxe4 13. Nxe4 Ngf6 14. Rae1 Nxe4
15. Bxe4 Nf6 16. Bd3 Nd5 17. a3 Nf4 18. Bc4 Nd5 19. Ne5 Qe8 20. Qe4 Nf6 21. Qh4
Nd5 22. Ng4 b5 23. Bd3 a5 24. f4 b4 25. Rf3 f5 26. Nxh6+ gxh6 27. Qxh6 Rh7 28.
Rg3+ Kh8 29. Qg5 Ne7 30. Qf6+ 1-0

[Event "AUTO-MASTER-1405"]
[Site "http://www.queenalice.com/game.php?id=936585"]
[Date "2011.5.10"]
[Round "1"]
[White "devagar"]
[Black "attachui"]
[Result "0-1"]
[WhiteElo "1964"]
[BlackElo "2121"]

1. e4 c5 2. Nf3 d6 3. d4 cxd4 4. Nxd4 Nf6 5. Bd3 Qb6 6. c3 e5 7. Nf5 Nbd7 8. O-O
Nc5 9. Ng3 Bg4 10. f3 Nxd3+ 11. Kh1 Nf2+ 12. Rxf2 Qxf2 13. fxg4 O-O-O 14. Bg5 d5
15. Bxf6 gxf6 16. Nd2 Bh6 17. Qf3 Qxd2 18. h3 Qf4 19. exd5 Qxf3 20. gxf3 Rxd5
21. Nf5 Bf8 0-1

[Event "AUTO-MASTER-1405"]
[Site "http://www.queenalice.com/game.php?id=936600"]
[Date "2011.5.10"]
[Round "1"]
[White "devagar"]
[Black "Alexandrovinsk"]
[Result "0-1"]
[WhiteElo "1885"]
[BlackElo "2138"]

1. e4 c5 2. Nf3 d6 3. d4 cxd4 4. Nxd4 Nf6 5. Bd3 a6 6. O-O e5 7. Ne2 Be7 8. Nbc3
O-O 9. f4 Nc6 10. h3 b5 11. g4 Bxg4 12. hxg4 Nxg4 13. Ng3 Qb6+ 14. Kg2 Ne3+ 15.
Bxe3 Qxe3 16. Rf3 Qa7 17. Nd5 exf4 18. Nxe7+ Qxe7 19. Rxf4 g6 20. Qh1 f6 21. Qh3
Ne5 22. Raf1 Nxd3 23. cxd3 Rac8 24. Rxf6 Rc2+ 25. R6f2 Rcxf2+ 26. Rxf2 Rxf2+ 27.
Kxf2 Qf6+ 28. Ke2 Qxb2+ 29. Ke3 Qc1+ 30. Kf3 Qd1+ 31. Ke3 Qc1+ 32. Kf2 Qc7 33.
Qe6+ Qf7+ 34. Qxf7+ Kxf7 35. Ke3 Ke6 36. d4 a5 37. Ne2 b4 38. Nf4+ Kf7 39. Nd5
g5 40. Nb6 h5 41. Nc4 a4 42. Nxd6+ Ke6 43. Nb7 Kf6 0-1

[Event "AUTO-MASTER-1405"]
[Site "http://www.queenalice.com/game.php?id=936601"]
[Date "2011.5.10"]
[Round "1"]
[White "Alexandrovinsk"]
[Black "devagar"]
[Result "1-0"]
[WhiteElo "2139"]
[BlackElo "1973"]

1. d4 d5 2. c4 e6 3. Nf3 Nf6 4. g3 Bb4+ 5. Bd2 Bxd2+ 6. Nbxd2 O-O 7. Bg2 Nbd7 8.
O-O c6 9. Qc2 Re8 10. e4 dxe4 11. Nxe4 e5 12. Nd6 Re6 13. Nxc8 Rxc8 14. dxe5
Nxe5 15. Nxe5 Rxe5 16. Rad1 Qc7 17. Rd2 g6 18. Rfd1 Kg7 19. Qc3 Re6 20. Bh3 Rce8
21. Bxe6 Rxe6 22. g4 Kh6 23. Qh3+ Kg7 24. g5 Nh5 25. Qxe6 Qf4 26. Qe3 Qg4+ 27.
Kh1 Nf4 28. Qe5+ 1-0

[Event "AUTO-MASTER-1405"]
[Site "http://www.queenalice.com/game.php?id=936602"]
[Date "2011.5.10"]
[Round "1"]
[White "devagar"]
[Black "alainbouley"]
[Result "1-0"]
[WhiteElo "1921"]
[BlackElo "2086"]

1. e4 Nc6 2. Nf3 d6 3. d4 Nf6 4. Nbd2 Bg4 5. d5 Ne5 6. Be2 Nxf3+ 7. Bxf3 Bxf3 8.
Qxf3 e5 9. dxe6 fxe6 10. O-O Be7 11. e5 dxe5 12. Qxb7 O-O 13. Qb3 Qd5 14. c4 Qc5
15. Nf3 Rab8 16. Qc2 Nd7 17. Be3 Qb4 18. b3 Qb7 19. Rad1 c5 20. Qc3 Bf6 21. Rfe1
e4 22. Qd2 exf3 23. Qxd7 Qxd7 24. Rxd7 fxg2 25. Bxc5 Rfc8 26. Bxa7 Rd8 27. Rxd8+
Rxd8 28. Rxe6 Rd1+ 29. Kxg2 Rd2 30. Ra6 Rb2 31. c5 Rc2 32. c6 Be5 33. Be3 Bc7
34. b4 Rb2 35. a3 Rb3 36. Ra8+ Kf7 37. Ra7 Rxb4 38. Rxc7+ Kg6 39. axb4 1-0

[Event "AUTO-MASTER-1405"]
[Site "http://www.queenalice.com/game.php?id=936603"]
[Date "2011.5.10"]
[Round "1"]
[White "alainbouley"]
[Black "devagar"]
[Result "0-1"]
[WhiteElo "2062"]
[BlackElo "1932"]

1. e4 c5 2. Nf3 Nc6 3. d4 cxd4 4. Nxd4 d6 5. Nc3 g6 6. Bb5 Bd7 7. O-O Bg7 8. Be3
Nf6 9. Qd2 Ng4 10. Nxc6 bxc6 11. Be2 Nxe3 12. Qxe3 Qb6 13. Qxb6 axb6 14. Nd1 O-O
15. c3 Be6 16. a3 Ra7 17. Ne3 b5 18. f4 Rfa8 19. Bf3 b4 20. e5 dxe5 21. Bxc6 Rc8
22. Bd5 bxc3 23. Bxe6 fxe6 24. b3 exf4 25. Nc2 e5 26. Rad1 Bf6 27. Rd5 h6 28. b4
g5 29. g4 Kf7 30. Kg2 e4 31. Kf2 e6 32. Rdd1 Rd8 33. Rxd8 Bxd8 34. Rd1 Bb6+ 35.
Kg2 f3+ 36. Kf1 Ke7 37. Re1 e3 38. Nxe3 Bxe3 39. Rxe3 Rxa3 40. Re1 Rb3 41. Kf2
Rxb4 42. Kxf3 Rb2 43. h3 c2 44. Rc1 Kd6 45. Ke2 Kd5 46. Kd2 Kd4 47. Rxc2 Rxc2+
48. Kxc2 Ke3 49. Kc3 e5 50. Kc4 e4 51. Kd5 Kf3 0-1

[Event "AUTO-MASTER-1414"]
[Site "http://www.queenalice.com/game.php?id=941558"]
[Date "2011.5.23"]
[Round "1"]
[White "ezekiel4a21"]
[Black "devagar"]
[Result "1-0"]
[WhiteElo "2131"]
[BlackElo "1891"]

1. e4 c5 2. Nf3 Nc6 3. Bc4 e6 4. a4 d5 5. exd5 exd5 6. Ba2 Nf6 7. h3 Qe7+ 8. Qe2
Qxe2+ 9. Kxe2 Bf5 10. d3 O-O-O 11. Rd1 h6 12. Kf1 Bd6 13. Nc3 Nb4 14. Bb1 a6 15.
Nh4 Be6 16. b3 Be5 17. Bb2 d4 18. Ne4 Nxe4 19. dxe4 Rd7 20. Nf3 f6 21. Ba3 d3
22. Nxe5 fxe5 23. c4 Rhd8 24. Bxb4 cxb4 25. Rd2 a5 26. f3 g5 27. Kf2 h5 28. Ke3
g4 29. h4 gxf3 30. gxf3 Bh3 31. Bxd3 Bg2 32. Rad1 Bh3 33. f4 exf4+ 34. Kxf4 Bg4
35. Ke3 Bxd1 36. Rxd1 Rg7 37. Be2 Rg3+ 38. Kf2 Rxb3 39. Rd5 Rxd5 40. cxd5 Ra3
41. Bb5 Rh3 42. e5 Rxh4 43. Ke3 b3 44. e6 Kd8 45. d6 1-0

[Event "AUTO-MASTER-1414"]
[Site "http://www.queenalice.com/game.php?id=941559"]
[Date "2011.5.23"]
[Round "1"]
[White "devagar"]
[Black "ezekiel4a21"]
[Result "0-1"]
[WhiteElo "1985"]
[BlackElo "2074"]

1. e4 c5 2. Nf3 Nc6 3. d4 cxd4 4. Nxd4 d6 5. Nc3 a6 6. Nxc6 bxc6 7. Bd3 Nf6 8.
O-O g6 9. h3 Bg7 10. f4 Qc7 11. g4 O-O 12. Be3 e5 13. f5 d5 14. exd5 cxd5 15.
Bf2 e4 16. Be2 gxf5 17. Nxd5 Qd6 18. Nxf6+ Qxf6 19. c3 f4 20. Bd4 Qh4 21. Bxg7
Qg3+ 22. Kh1 Qxh3+ 23. Kg1 f3 24. Bxf3 exf3 25. Qxf3 Qxf3 26. Rxf3 Kxg7 27. Rf4
Be6 28. b3 Rfd8 29. c4 Rd2 0-1

[Event "AUTO-MASTER-1414"]
[Site "http://www.queenalice.com/game.php?id=941574"]
[Date "2011.5.23"]
[Round "1"]
[White "danbots5k"]
[Black "devagar"]
[Result "1-0"]
[WhiteElo "2347"]
[BlackElo "1921"]

1. e4 c5 2. Nf3 Nc6 3. Bc4 e6 4. d3 d5 5. exd5 exd5 6. Bb3 Nf6 7. O-O Be7 8. a3
O-O 9. Re1 Be6 10. h3 b5 11. c3 a5 12. a4 b4 13. Ng5 Qd7 14. Qe2 c4 15. dxc4
dxc4 16. Nxe6 cxb3 17. Nxf8 Bxf8 18. Rd1 Qf5 19. cxb4 Nxb4 20. g4 Qg6 21. Na3 h5
22. f3 Re8 23. Qc4 hxg4 24. hxg4 Nc2 25. Nxc2 bxc2 26. Rd2 Bb4 27. Re2 Rxe2 28.
Qxe2 Kf8 29. Bd2 Nd5 30. Rc1 Bxd2 31. Qxd2 Qb6+ 32. Qf2 Qxf2+ 33. Kxf2 Nb4 34.
Ke2 Nc6 35. Kd2 Nd4 36. Rf1 f6 37. f4 1-0

[Event "AUTO-MASTER-1414"]
[Site "http://www.queenalice.com/game.php?id=941575"]
[Date "2011.5.23"]
[Round "1"]
[White "devagar"]
[Black "danbots5k"]
[Result "0-1"]
[WhiteElo "1923"]
[BlackElo "2346"]

1. e4 e5 2. Nf3 d6 3. d4 exd4 4. Nxd4 Nf6 5. Bd3 Be7 6. O-O O-O 7. Nc3 a6 8. f4
Bg4 9. Qe1 c5 10. Nf3 Nc6 11. Ne2 d5 12. exd5 Qxd5 13. h3 Bxf3 14. Rxf3 Qd7 15.
g4 Rfe8 16. Qf2 Nd5 17. c3 b5 18. Bd2 c4 19. Bf5 Qd8 20. Nd4 Qc7 21. Kg2 Bc5 22.
Be3 Nxe3+ 23. Rxe3 g6 24. Rxe8+ Rxe8 25. Bc2 Qb6 26. Re1 Rd8 27. Rd1 Nxd4 28.
cxd4 Bxd4 29. Qe2 Bxb2 30. Rxd8+ Qxd8 31. Bxg6 hxg6 32. Qxb2 Qd5+ 33. Kg3 Qd3+
34. Kh2 c3 35. Qb3 Qd2+ 0-1

[Event "AUTO-MASTER-1414"]
[Site "http://www.queenalice.com/game.php?id=941586"]
[Date "2011.5.23"]
[Round "1"]
[White "devagar"]
[Black "goldaric"]
[Result "1-0"]
[WhiteElo "1969"]
[BlackElo "1957"]

1. e4 c6 2. Nf3 d5 3. exd5 cxd5 4. d4 Bg4 5. Be2 h6 6. O-O Nf6 7. Nc3 e6 8. h3
Bh5 9. Ne5 Bxe2 10. Qxe2 Nc6 11. Be3 a6 12. a3 Be7 13. Rad1 Rc8 14. g4 Nxe5 15.
dxe5 Nh7 16. f4 Bc5 17. Bxc5 Rxc5 18. Ne4 O-O 19. Nxc5 Qc7 20. b4 Ra8 21. Qd3
Nf8 22. Nb3 Nd7 23. Nd4 Rf8 24. Kg2 b5 25. Kg3 Nb6 26. h4 Nc4 27. h5 Nb2 28. Qb3
Nxd1 29. Rxd1 f6 30. Nxe6 Qf7 31. Qxd5 Rc8 32. exf6 Rc3+ 33. Rd3 Rxc2 34. Nxg7
1-0

[Event "AUTO-MASTER-1414"]
[Site "http://www.queenalice.com/game.php?id=941587"]
[Date "2011.5.23"]
[Round "1"]
[White "goldaric"]
[Black "devagar"]
[Result "1-0"]
[WhiteElo "1949"]
[BlackElo "1986"]

1. c4 c5 2. Nc3 Nc6 3. g3 Nf6 4. d3 g6 5. Bg2 Bg7 6. Nf3 O-O 7. O-O d6 8. h3 Bd7
9. Bg5 Qc8 10. e4 Bxh3 11. Nd5 Bxg2 12. Kxg2 h6 13. Bd2 Nxd5 14. exd5 Qf5 15.
dxc6 bxc6 16. Bc3 Rab8 17. Bxg7 Kxg7 18. Qc2 f6 19. Rae1 e5 20. Nh4 Qd7 21. d4
f5 22. dxe5 dxe5 23. Rxe5 Qd4 24. Re2 Rb7 25. b3 Rbf7 26. Qb2 Qxb2 27. Rxb2 f4
28. Nf3 fxg3 29. fxg3 a5 30. Rbf2 g5 31. Ne5 Rxf2+ 32. Rxf2 1-0

[Event "AUTO-MASTER-1428"]
[Site "http://www.queenalice.com/game.php?id=948970"]
[Date "2011.6.12"]
[Round "1"]
[White "devagar"]
[Black "capaputi"]
[Result "0-1"]
[WhiteElo "1896"]
[BlackElo "2164"]

1. e4 d5 2. exd5 Nf6 3. d4 Nxd5 4. c4 Nb6 5. Nf3 g6 6. Be3 Bg7 7. Be2 O-O 8. O-O
Nc6 9. Nc3 Bg4 10. c5 Nd5 11. Nxd5 Qxd5 12. b3 Rad8 13. Rc1 e5 14. dxe5 Bxf3 15.
Bxf3 Qxe5 16. Qc2 Nb4 17. Qb1 Nd5 18. Bxd5 Rxd5 19. Rfd1 Rfd8 20. g3 c6 21. Rxd5
Qxd5 22. Qc2 Qf3 23. Re1 h5 24. Qe2 Qf5 25. h4 Re8 26. Qd2 Bf8 27. Kg2 Bxc5 28.
Bxc5 Rxe1 29. Qxe1 Qxc5 30. Qe2 Kf8 31. Qe1 Qd5+ 32. f3 a5 33. Qxa5 Qxa5 0-1

[Event "AUTO-MASTER-1428"]
[Site "http://www.queenalice.com/game.php?id=948971"]
[Date "2011.6.12"]
[Round "1"]
[White "capaputi"]
[Black "devagar"]
[Result "1-0"]
[WhiteElo "2154"]
[BlackElo "1879"]

1. Nf3 d6 2. e4 e5 3. d4 exd4 4. Nxd4 Nf6 5. Nc3 Bd7 6. Bd3 Be7 7. O-O Nc6 8.
Nxc6 Bxc6 9. Re1 O-O 10. Bf4 Re8 11. Qd2 a6 12. Rad1 Bf8 13. Bg5 Be7 14. e5 dxe5
15. Rxe5 Kh8 16. Qe2 Bd6 17. Rxe8+ Bxe8 18. Nd5 Bxh2+ 19. Kxh2 Qxd5 20. Bxf6
gxf6 21. Qg4 Qg5 22. Qh3 h6 23. Bf5 Bc6 24. g3 Re8 25. Kg1 Bf3 26. Ra1 Re5 27.
Bc8 Qh5 28. a4 Qxh3 29. Bxh3 Rc5 30. Ra3 Bd1 31. c3 Kg7 32. Bg2 b6 33. Ra1 Bg4
34. Re1 Re5 35. Kf1 Kg6 36. f4 Rxe1+ 37. Kxe1 a5 38. Bc6 1-0

[Event "AUTO-MASTER-1428"]
[Site "http://www.queenalice.com/game.php?id=948972"]
[Date "2011.6.12"]
[Round "1"]
[White "devagar"]
[Black "goldenboy"]
[Result "0-1"]
[WhiteElo "1971"]
[BlackElo "2224"]

1. e4 e5 2. Nf3 Nc6 3. d4 exd4 4. Nxd4 Qf6 5. c3 Bc5 6. Be3 Nge7 7. Be2 d6 8. b4
Nxd4 9. Bxd4 Bxd4 10. cxd4 Ng6 11. O-O Qg5 12. Nc3 Bh3 13. Bf3 Nh4 0-1

[Event "AUTO-MASTER-1428"]
[Site "http://www.queenalice.com/game.php?id=948973"]
[Date "2011.6.12"]
[Round "1"]
[White "goldenboy"]
[Black "devagar"]
[Result "1-0"]
[WhiteElo "2067"]
[BlackElo "1906"]

1. e4 c5 2. f4 d5 3. exd5 Qxd5 4. Nc3 Qe6+ 5. Be2 Nc6 6. Nf3 Nf6 7. O-O g6 8.
Bb5 Bd7 9. Re1 Qd6 10. d3 Bg7 11. Bd2 O-O 12. h3 a6 13. Ba4 b5 14. Bb3 b4 15.
Na4 Rab8 16. Ne5 Nd4 17. Nxd7 Nxd7 18. c3 Nxb3 19. axb3 Qxd3 20. Rxe7 bxc3 21.
Bxc3 Qxd1+ 22. Rxd1 Bxc3 23. bxc3 Nf6 24. Nxc5 Rfc8 25. b4 Ra8 26. Rd6 Nh5 27.
f5 gxf5 28. Rdd7 Nf6 29. Ra7 Rxa7 30. Rxa7 Nd5 31. Rxa6 Nxc3 32. Rf6 Na2 33. Na6
Nc3 34. Rxf5 1-0